000 00747nam a2200253Ia 4500
003 OSt
005 20220925215520.0
006 a|||||r|||| 00| 0
007 ta
008 220923b |||||||| |||| 00| 0 eng d
020 _a0091729165
037 _cGeneral Book
040 _aRTL
_cRTL
_beng
041 _2eng
_aeng
082 _aY:47, M9
100 _aMelucci Alberto
245 0 _aNomads of the present
_b Socail movements and individuals needs in contemprary society
260 _aLondon
_bHutchinson
_c1989
300 _av,288p
_ccm.
500 _aBibliography P 262-80; Appendix P 233-61
650 _aSocial Movements
_934468
942 _hY:47, M9
_cGB
_2CC
999 _c569000
_d569000